| 000 | 00385nam a2200157Ia 4500 | ||
|---|---|---|---|
| 008 | 230711s9999||||xx |||||||||||||| ||und|| | ||
| 041 | _aENG | ||
| 082 |
_a720 _bKL-G |
||
| 100 | _aKlein Dan | ||
| 245 | 0 | _aGlass : a contemporary art | |
| 250 | _a1st Ed. | ||
| 260 |
_c1989 _aNew Delhi _bRizzoli International Publications Inc |
||
| 300 | _a224 | ||
| 650 | _aArchitecture | ||
| 942 | _cBK | ||
| 999 |
_c1640 _d1640 |
||